000 01672naa a22004097a 4500
001 BR8401351
003 BR-BrBNA
005 20250721154433.0
007 ta
008 250630b bl.|||m| |||| 00| 0 por d
040 _aBR-BrBNA
_bpor
_cBiblioteca Nacional de Agricultura
041 _a(Pt)
072 _aE50; M00
_b/G514
090 _aE50 BR8401351
100 1 _aBertoletti, J.J.
100 1 _aBertoletti, A.C.R.
100 1 _aPuhl, J.
245 1 _aAspectos socio-economicos da comunidade pesqueira da bacia inferior do Mampituba-Rio Grande do Sul/Santa Catarina [Brasil]
246 1 _a[Social and economic aspects of the fishery community in the lower basin of Mampituba-Rio Grande do Sul/Santa Catarina [Brazil]]
246 1 _a[Communications from the Science Museum of the Pontificial Catholic University of Rio Grande do Sul]
500 _aComunicacoes do Museu de Ciencias da Pontificia Universidade Catolica do Rio Grande do Sul Porto Alegre, RS (Brasil): 1983. p. 1-39 [15 illus.; 11 ref.] (BR8401351-AMS)
773 0 _tComunicacoes do Museu de Ciencias da Pontificia Universidade Catolica do Rio Grande do Sul
_wE50 BR8401351
_gPorto Alegre, RS (Brasil), 1983. p. 1-39
650 _aCOMUNIDADE PESQUEIRA
650 _aPESCADOR
650 _aNUTRICAO HUMANA
650 _aSAUDE
650 _aHABITACAO
650 _aDEMOGRAFIA
650 _aNIVEL DE VIDA
650 _aPRODUCAO PESQUEIRA
650 _aASSISTENCIA TECNICA
650 _aRIO GRANDE DO SUL
650 _aSANTA CATARINA
490 _aComunicacoes do Museu de Ciencias da PUCRGS (Brazil)
_vno. 14
942 _cAMS
_2AGRIS
909 _a202506
_bLúcia
_c55
_dLúcia Elande
999 _c334753
_d334753